[Event "Wch Juvenil 2013 sub-14"]
[Site "Al-Ain UAE"]
[Date "2013.12.26"]
[Round "9.28"]
[White "Shi, Diwen"]
[Black "Tokranovs, Dmitrijs"]
[Result "0-1"]
[WhiteElo "1924"]
[BlackElo "2273"]
[PlyCount "134"]
[EventDate "2013.12.19"]
[EventType "swiss"]
[EventRounds "11"]
[EventCountry "UAE"]
[Source "lmi"]
[SourceDate "2013.12.19"]

1. e4 d5 2. exd5 Qxd5 3. Nc3 Qd6 4. d4 Nf6 5. Nf3 Bg4 6. h3 Bh5 7. g4 Bg6 8.
Ne5 Nbd7 9. f4 e6 10. h4 h5 11. Nxg6 fxg6 12. g5 Ng4 13. Be2 O-O-O 14. Bxg4
hxg4 15. Be3 Qc6 16. d5 exd5 17. Qxd5 Qxd5 18. Nxd5 Ne5 19. fxe5 Rxd5 20. Bf4
Rd4 21. Bg3 Be7 22. Ke2 Rhd8 23. Rhd1 Re4+ 24. Kf1 Rf8+ 25. Kg2 Re2+ 26. Kh1
Rf3 27. Rd3 Rxd3 28. cxd3 Re3 29. Kg2 Rxd3 30. Rf1 Kd7 31. Rf7 Rd2+ 32. Kf1
Rxb2 33. Rxg7 Rb6 34. Bf2 Re6 35. Bd4 Ke8 36. Rg8+ Kf7 37. Rb8 c5 38. Bc3 Rb6
39. Kg2 Rb1 40. Kg3 b5 41. Kxg4 b4 42. Bd2 Rb2 43. Be3 Re2 44. Kf4 Rh2 45. Kg4
Rg2+ 46. Kf4 c4 47. Rb7 Ke6 48. Rxa7 c3 49. Ra6+ Kd5 50. Rxg6 c2 51. Rb6 Re2
52. Bc1 Re1 53. Bd2 Rd1 54. Be3 Re1 55. Bd2 Bc5 56. Rb5 Kc4 57. Rxc5+ Kxc5 58.
g6 Kd4 59. Kf3 c1=Q 60. Bxc1 Rxc1 61. e6 Ke5 62. g7 Rc8 63. h5 Kxe6 64. Ke3 Kf7
65. h6 Kg6 66. Kd4 Kxh6 67. g8=Q Rxg8 0-1

[Event "Wch Juvenil 2013 sub-14"]
[Site "Al-Ain UAE"]
[Date "2013.12.26"]
[Round "9.29"]
[White "Liu, Xiangyi"]
[Black "Virtanen, Teemu"]
[Result "1-0"]
[WhiteElo "2136"]
[BlackElo "1936"]
[PlyCount "103"]
[EventDate "2013.12.19"]
[EventType "swiss"]
[EventRounds "11"]
[EventCountry "UAE"]
[Source "lmi"]
[SourceDate "2013.12.19"]

1. e4 d6 2. d4 Nf6 3. Nc3 e5 4. Nf3 Nbd7 5. Bc4 Be7 6. dxe5 Nxe5 7. Nxe5 dxe5
8. Qf3 c6 9. Qg3 Ng4 10. O-O Bh4 11. Qf3 Qf6 12. Qxf6 Bxf6 13. h3 Nh6 14. f4
Be6 15. Bxe6 fxe6 16. f5 Nf7 17. Be3 Kd7 18. Rad1+ Kc7 19. fxe6 Nd8 20. Rd7+
Kc8 21. Rxf6 gxf6 22. Re7 b6 23. Na4 h5 24. b4 Rg8 25. c4 b5 26. cxb5 cxb5 27.
Nc5 a5 28. Nd7 Ra6 29. Nb6+ Kb8 30. Bc5 Nb7 31. Nd7+ Ka8 32. Nb6+ Kb8 33. Rf7
Nxc5 34. bxc5 Re8 35. e7 Ra7 36. Nd5 b4 37. c6 a4 38. Rf8 Raxe7 39. c7+ Kb7 40.
c8=Q+ Rxc8 41. Rxc8 Rd7 42. Rc4 b3 43. axb3 axb3 44. Rb4+ Kc6 45. Rxb3 f5 46.
Nb4+ Kb5 47. Nd3+ Ka5 48. exf5 e4 49. Nf2 Rf7 50. g4 Rg7 51. f6 Rg6 52. Nxe4
1-0

[Event "Wch Juvenil 2013 sub-14"]
[Site "Al-Ain UAE"]
[Date "2013.12.26"]
[Round "9.30"]
[White "Chow, Colin"]
[Black "Le, Minh Hoang"]
[Result "1-0"]
[WhiteElo "2114"]
[BlackElo "1927"]
[PlyCount "99"]
[EventDate "2013.12.19"]
[EventType "swiss"]
[EventRounds "11"]
[EventCountry "UAE"]
[Source "lmi"]
[SourceDate "2013.12.19"]

1. e4 c5 2. Nf3 d6 3. c3 Nf6 4. Be2 e5 5. O-O Be7 6. Bb5+ Bd7 7. Bxd7+ Nbxd7 8.
Qe2 O-O 9. d4 Qc7 10. Rd1 c4 11. a4 Rac8 12. Na3 a6 13. Bg5 Rfe8 14. Bxf6 Nxf6
15. d5 Qc5 16. a5 Qxa5 17. Nxc4 Qc7 18. Nfd2 Nd7 19. Ne3 Bg5 20. Nf5 g6 21. Nf3
Bf4 22. Ne3 Rf8 23. g3 Bh6 24. Ng4 Bg7 25. Qc2 f5 26. exf5 Rxf5 27. Nd2 Rcf8
28. Ne4 Nc5 29. Rd2 Nxe4 30. Qxe4 h5 31. Ne3 R5f6 32. Rf1 Qf7 33. Nc4 b5 34.
Na5 g5 35. Nc6 h4 36. Qg4 Rh6 37. f3 hxg3 38. hxg3 e4 39. Qxe4 Qh5 40. Rg2 Re8
41. Qg4 Qh1+ 42. Kf2 Re2+ 43. Kxe2 Qxg2+ 44. Rf2 Qg1 45. Qc8+ Kh7 46. Ne7 Rh1
47. Qg8+ Kh6 48. Nf5+ Kg6 49. Qxg7+ Kxf5 50. Qf7+ 1-0

[Event "Wch Juvenil 2013 sub-14"]
[Site "Al-Ain UAE"]
[Date "2013.12.26"]
[Round "9.31"]
[White "Acsinte, Matei-Ionut"]
[Black "Koniahli, Malek"]
[Result "1/2-1/2"]
[WhiteElo "2094"]
[BlackElo "1875"]
[PlyCount "51"]
[EventDate "2013.12.19"]
[EventType "swiss"]
[EventRounds "11"]
[EventCountry "UAE"]
[Source "lmi"]
[SourceDate "2013.12.19"]

1. d4 Nf6 2. c4 e6 3. Nc3 Bb4 4. e3 O-O 5. Bd3 d5 6. Nf3 c6 7. O-O Nbd7 8. a3
Bxc3 9. bxc3 Re8 10. cxd5 exd5 11. c4 dxc4 12. Bxc4 Nb6 13. Be2 Bf5 14. Ne5
Nfd7 15. Nxd7 Qxd7 16. a4 Nd5 17. Bb2 Qd6 18. Qd2 Qg6 19. Rfe1 Re6 20. Bf1 Qg5
21. Bc1 Be4 22. Kh1 Rg6 23. f3 Bxf3 24. e4 Nf4 25. Qxf4 Bxg2+ 26. Kg1 1/2-1/2

[Event "Wch Juvenil 2013 sub-14"]
[Site "Al-Ain UAE"]
[Date "2013.12.26"]
[Round "9.32"]
[White "Ahn, Hongjin"]
[Black "Petrov, Vladimir Sergeev"]
[Result "0-1"]
[WhiteElo "1907"]
[BlackElo "2076"]
[PlyCount "132"]
[EventDate "2013.12.19"]
[EventType "swiss"]
[EventRounds "11"]
[EventCountry "UAE"]
[Source "lmi"]
[SourceDate "2013.12.19"]

1. Nf3 Nf6 2. g3 d5 3. Bg2 c6 4. O-O Bg4 5. Ne5 Bh5 6. d4 e6 7. c4 Nbd7 8. Nxd7
Qxd7 9. cxd5 cxd5 10. Bg5 Be7 11. Nc3 O-O 12. Qb3 Rac8 13. Rfc1 Rc4 14. e3 Bg6
15. a3 Rfc8 16. Bf1 R4c7 17. Bf4 Bd6 18. Bxd6 Qxd6 19. Nb5 Qb6 20. Rxc7 Rxc7
21. a4 a5 22. Qd1 Rc2 23. Rc1 Qc6 24. Rxc2 Bxc2 25. Qd2 Bxa4 26. Qxa5 Bxb5 27.
Bxb5 Qc1+ 28. Kg2 g6 29. Qb4 Qc2 30. Ba4 Qe4+ 31. Kg1 Qb1+ 32. Kg2 Ng4 33. Qc3
Kg7 34. Bc2 Qc1 35. Bd3 Qd1 36. Qc2 Qe1 37. Qe2 Qxe2 38. Bxe2 Nf6 39. Bb5 Ne4
40. Bd3 Nd6 41. b3 g5 42. f3 f5 43. Kf2 Kf6 44. Ke2 h5 45. f4 g4 46. Kd2 h4 47.
Kc3 hxg3 48. hxg3 Ne8 49. Kd2 Ke7 50. b4 Nf6 51. Ke2 Kd6 52. Bc2 Kc7 53. Kf2
Ne4+ 54. Kg2 Nc3 55. Kf2 Na2 56. Ba4 Nxb4 57. Ke2 Nc6 58. Kd3 Ne7 59. Be8 Nc8
60. Bf7 Kd7 61. Ke2 Nd6 62. Bg8 Ne4 63. Bf7 Ke7 64. Bg6 Nxg3+ 65. Kf2 Ne4+ 66.
Kg2 b5 0-1

[Event "Wch Juvenil 2013 sub-14"]
[Site "Al-Ain UAE"]
[Date "2013.12.26"]
[Round "9.33"]
[White "Puccini, Jack"]
[Black "Visveshwar, A."]
[Result "1/2-1/2"]
[WhiteElo "2073"]
[BlackElo "1870"]
[PlyCount "90"]
[EventDate "2013.12.19"]
[EventType "swiss"]
[EventRounds "11"]
[EventCountry "UAE"]
[Source "lmi"]
[SourceDate "2013.12.19"]

1. c4 e5 2. g3 Nf6 3. Bg2 Bc5 4. Nc3 d6 5. d3 O-O 6. Nf3 c6 7. O-O Bf5 8. a3 a5
9. Rb1 Nbd7 10. b4 axb4 11. axb4 Bb6 12. Bg5 Qe7 13. Ne1 h6 14. Bxf6 Nxf6 15.
Nc2 Rfd8 16. e3 d5 17. c5 Bc7 18. d4 Qd7 19. Rb2 e4 20. b5 Ba5 21. Ne2 Bc7 22.
b6 Bb8 23. Nc3 Qe6 24. Rb1 Bh3 25. Qe2 Bg4 26. Qd2 Nh7 27. Ra1 Rxa1 28. Rxa1
Ng5 29. Ne1 Bh3 30. Qe2 Bxg2 31. Kxg2 Qh3+ 32. Kg1 Kh7 33. f4 exf3 34. Nxf3 Qg4
35. Nxg5+ Qxg5 36. Qf3 Re8 37. Re1 f5 38. Kf2 Rd8 39. Rf1 g6 40. Re1 Qf6 41.
Ne2 Re8 42. Kg2 Qe7 43. Nc3 Qe6 44. Nd1 Qe7 45. Rf1 Kg7 1/2-1/2

[Event "Wch Juvenil 2013 sub-14"]
[Site "Al-Ain UAE"]
[Date "2013.12.26"]
[Round "9.34"]
[White "Marek, Matyas"]
[Black "Doluweera, Minul Sanjula"]
[Result "1-0"]
[WhiteElo "2055"]
[BlackElo "1857"]
[PlyCount "51"]
[EventDate "2013.12.19"]
[EventType "swiss"]
[EventRounds "11"]
[EventCountry "UAE"]
[Source "lmi"]
[SourceDate "2013.12.19"]

1. e4 c6 2. d4 d5 3. Nc3 dxe4 4. Nxe4 Bf5 5. Ng3 Bg6 6. Nh3 h6 7. Bc4 Nf6 8.
O-O Nbd7 9. f4 b5 10. f5 Bh7 11. Bd3 Qb6 12. c3 c5 13. Qf3 Rd8 14. Kh1 c4 15.
Bb1 Nb8 16. Nf4 Qc6 17. Qe2 Na6 18. a4 b4 19. Bd2 b3 20. Ne4 Nc7 21. Nxf6+ gxf6
22. Be4 Qa6 23. Rae1 Rd6 24. Nh5 Nd5 25. Qf3 Nb6 26. Bf4 1-0

[Event "Wch Juvenil 2013 sub-14"]
[Site "Al-Ain UAE"]
[Date "2013.12.26"]
[Round "9.35"]
[White "Kutsanyan, Andranik"]
[Black "Fedotov, Nikita"]
[Result "0-1"]
[WhiteElo "1907"]
[BlackElo "2045"]
[PlyCount "56"]
[EventDate "2013.12.19"]
[EventType "swiss"]
[EventRounds "11"]
[EventCountry "UAE"]
[Source "lmi"]
[SourceDate "2013.12.19"]

1. e4 c5 2. Nf3 e6 3. d4 cxd4 4. Nxd4 a6 5. Nc3 Qc7 6. f4 d6 7. Be3 Nf6 8. Bd3
Nbd7 9. O-O b5 10. g4 b4 11. Nb1 Bb7 12. Nd2 Nc5 13. Qf3 Be7 14. g5 Nfd7 15.
Qg3 d5 16. e5 g6 17. N2b3 Na4 18. Rab1 Ndc5 19. Qf2 Ne4 20. Qe2 O-O 21. Bxe4
dxe4 22. h4 Nb6 23. h5 Nc4 24. Rf2 Rfd8 25. Rh2 Bf8 26. Nd2 Nxe3 27. Qxe3 Rxd4
28. hxg6 fxg6 0-1

[Event "Wch Juvenil 2013 sub-14"]
[Site "Al-Ain UAE"]
[Date "2013.12.26"]
[Round "9.36"]
[White "Spacek, Oliver"]
[Black "Wang, Yiou"]
[Result "0-1"]
[WhiteElo "2041"]
[BlackElo "1889"]
[PlyCount "72"]
[EventDate "2013.12.19"]
[EventType "swiss"]
[EventRounds "11"]
[EventCountry "UAE"]
[Source "lmi"]
[SourceDate "2013.12.19"]

1. d4 Nf6 2. c4 g6 3. Nc3 Bg7 4. e4 d6 5. Bg5 O-O 6. h3 c5 7. d5 Na6 8. Nf3 Nc7
9. Bd3 h6 10. Be3 a6 11. a4 e5 12. Qd2 Kh7 13. g4 Ng8 14. Ne2 Rb8 15. b4 cxb4
16. Qxb4 b6 17. a5 b5 18. c5 Nxd5 19. exd5 e4 20. Bxe4 Bxa1 21. c6 Nf6 22. Ng3
Nxe4 23. Nxe4 f5 24. Qxd6 fxe4 25. Qxd8 Bc3+ 26. Kf1 Rxd8 27. c7 Bb7 28. Bb6
Re8 29. Nd4 Bxd5 30. cxb8=Q Rxb8 31. Ke2 Rxb6 32. axb6 Bxd4 33. b7 Bxb7 34. Rd1
Bg7 35. Rd7 Bc6 36. Rd6 Bb7 0-1

[Event "Wch Juvenil 2013 sub-14"]
[Site "Al-Ain UAE"]
[Date "2013.12.26"]
[Round "9.37"]
[White "Sevgi, Volkan"]
[Black "Ooi, Zhi Yang"]
[Result "1-0"]
[WhiteElo "2007"]
[BlackElo "1803"]
[PlyCount "47"]
[EventDate "2013.12.19"]
[EventType "swiss"]
[EventRounds "11"]
[EventCountry "UAE"]
[Source "lmi"]
[SourceDate "2013.12.19"]

1. e4 c5 2. c3 Nf6 3. e5 Nd5 4. d4 cxd4 5. Nf3 e6 6. cxd4 d6 7. Bc4 Nd7 8. O-O
N7b6 9. Bb3 Bd7 10. Bd2 Rc8 11. Nc3 Nxc3 12. Bxc3 Bc6 13. Re1 Be7 14. Rc1 Nd5
15. Bd2 O-O 16. Qe2 Qb6 17. Qd3 Rfd8 18. exd6 Bxd6 19. Ng5 Nf6 20. Nxe6 fxe6
21. Bxe6+ Kf8 22. Bxc8 Rxc8 23. d5 Nxd5 24. Qf5+ 1-0

[Event "Wch Juvenil 2013 sub-14"]
[Site "Al-Ain UAE"]
[Date "2013.12.26"]
[Round "9.38"]
[White "Pigeat, Alexandre"]
[Black "Foziljonov, Khojiakbar"]
[Result "0-1"]
[WhiteElo "2002"]
[BlackElo "1801"]
[PlyCount "74"]
[EventDate "2013.12.19"]
[EventType "swiss"]
[EventRounds "11"]
[EventCountry "UAE"]
[Source "lmi"]
[SourceDate "2013.12.19"]

1. d4 Nf6 2. c4 g6 3. Nc3 Bg7 4. e4 d6 5. f3 O-O 6. Be3 c5 7. Nge2 Nc6 8. d5
Ne5 9. Ng3 e6 10. Be2 exd5 11. cxd5 Qe7 12. O-O h5 13. Qd2 Re8 14. Rae1 Nh7 15.
Nh1 a6 16. a4 f5 17. f4 Nf7 18. Bd1 fxe4 19. Nxe4 Bd7 20. Nc3 Qd8 21. Bc2 Nf8
22. Ng3 b5 23. Nce4 h4 24. Ne2 Bf5 25. N2c3 b4 26. Ng5 bxc3 27. bxc3 Qf6 28.
Bxf5 Qxf5 29. Nf3 Qf6 30. c4 Rab8 31. Bf2 Rxe1 32. Rxe1 Rb2 33. Qe3 Bh6 34.
Bxh4 Qxf4 35. Qe7 g5 36. Bg3 Qxc4 37. Bxd6 Qc2 0-1

[Event "Wch Juvenil 2013 sub-14"]
[Site "Al-Ain UAE"]
[Date "2013.12.26"]
[Round "9.39"]
[White "Hoang, Harry"]
[Black "Kenenbaev, Aidar"]
[Result "1-0"]
[WhiteElo "1990"]
[BlackElo "1680"]
[PlyCount "117"]
[EventDate "2013.12.19"]
[EventType "swiss"]
[EventRounds "11"]
[EventCountry "UAE"]
[Source "lmi"]
[SourceDate "2013.12.19"]

1. e4 c5 2. Nf3 d6 3. d4 cxd4 4. Nxd4 Nf6 5. Nc3 a6 6. Be3 e5 7. Nf3 h6 8. Bc4
Be6 9. Bb3 Be7 10. O-O O-O 11. Qe2 Nc6 12. Rfd1 b5 13. Nd5 Rb8 14. Nxf6+ Bxf6
15. Rd2 Qc7 16. Rad1 Rfd8 17. h3 Rd7 18. Bxe6 fxe6 19. c4 Ne7 20. cxb5 axb5 21.
Rc2 Qb7 22. Bd2 Nc6 23. Rdc1 Nd4 24. Nxd4 exd4 25. Rc6 Qa8 26. Bb4 Qxa2 27.
Bxd6 Rbd8 28. e5 d3 29. Qd2 Bg5 30. f4 Bh4 31. Kh2 Qd5 32. R6c5 Qe4 33. Rxb5
Be7 34. Rb4 Qe2 35. Qxe2 dxe2 36. Re1 Bxd6 37. exd6 Rxd6 38. Rxe2 Kf7 39. Kg3
Kf6 40. Kg4 R8d7 41. Rb8 Re7 42. b4 Rd3 43. b5 Rb3 44. Re5 Kf7 45. Rc5 Kf6 46.
Rc6 Rd7 47. Rbb6 Re3 48. Rd6 Rxd6 49. Rxd6 Rb3 50. Rb6 Rb2 51. g3 Rb3 52. Rb8
g6 53. b6 Kf7 54. h4 h5+ 55. Kg5 Rxg3+ 56. Kh6 Ke7 57. b7 Rb3 58. Rh8 e5 59.
b8=Q 1-0

[Event "Wch Juvenil 2013 sub-14"]
[Site "Al-Ain UAE"]
[Date "2013.12.26"]
[Round "9.40"]
[White "Bunyatov, Rustam Faiq"]
[Black "Banik, Siddharth G"]
[Result "0-1"]
[WhiteElo "1965"]
[BlackElo "1978"]
[PlyCount "94"]
[EventDate "2013.12.19"]
[EventType "swiss"]
[EventRounds "11"]
[EventCountry "UAE"]
[Source "lmi"]
[SourceDate "2013.12.19"]

1. e4 c5 2. Nc3 Nc6 3. Bb5 Nd4 4. Bc4 e6 5. Nf3 Ne7 6. Nxd4 cxd4 7. Ne2 Nc6 8.
O-O Bc5 9. d3 O-O 10. a3 a5 11. Kh1 Re8 12. f4 d5 13. Bb5 a4 14. e5 Bd7 15.
Bxc6 bxc6 16. Ng1 Be7 17. Qh5 f6 18. Nf3 c5 19. exf6 Bxf6 20. Ne5 Rf8 21. Bd2
Rb8 22. Rab1 Qc7 23. Rfe1 Rb7 24. c3 Bxe5 25. Rxe5 dxc3 26. Bxc3 Rxf4 27. Rg5
d4 28. Rxc5 Bc6 29. Bb4 Rf2 30. Rg1 Rb8 31. Qg4 Qd7 32. Re5 Re8 33. Qg3 Qf7 34.
Rc5 Rxg2 35. Qxg2 Bxg2+ 36. Rxg2 Qf1+ 37. Rg1 Qf3+ 38. Rg2 Qd1+ 39. Rg1 Qxd3
40. Rcg5 g6 41. Bc5 e5 42. R5g4 Qf3+ 43. R4g2 Rc8 44. Bd6 e4 45. Be5 d3 46. Bc3
e3 47. h4 Rc4 0-1

[Event "Wch Juvenil 2013 sub-14"]
[Site "Al-Ain UAE"]
[Date "2013.12.26"]
[Round "9.42"]
[White "Agmanov, Zhandos"]
[Black "Kolver, Chris"]
[Result "1/2-1/2"]
[WhiteElo "1972"]
[BlackElo "1737"]
[PlyCount "147"]
[EventDate "2013.12.19"]
[EventType "swiss"]
[EventRounds "11"]
[EventCountry "UAE"]
[Source "lmi"]
[SourceDate "2013.12.19"]

1. e4 c5 2. Nf3 Nc6 3. d4 cxd4 4. Nxd4 Nf6 5. Nc3 e5 6. Ndb5 d6 7. Bg5 a6 8.
Na3 b5 9. Bxf6 gxf6 10. Nd5 Bg7 11. c3 O-O 12. Nc2 f5 13. exf5 Bxf5 14. Nce3
Be6 15. g3 f5 16. Bg2 Rc8 17. O-O f4 18. Nc2 Ne7 19. a4 Rc5 20. Ncb4 Nxd5 21.
Bxd5 Bxd5 22. Nxd5 bxa4 23. Rxa4 fxg3 24. hxg3 a5 25. Rh4 Qe8 26. b4 axb4 27.
cxb4 Rc8 28. b5 Qf7 29. b6 Rc5 30. Ne3 d5 31. Qb1 h6 32. Rg4 d4 33. b7 dxe3 34.
b8=Q exf2+ 35. Kh2 Rxb8 36. Qxb8+ Kh7 37. Qb1+ Kh8 38. Qb2 e4 39. Qxf2 Qxf2+
40. Rxf2 e3 41. Re2 Re5 42. Kg2 Bf6 43. Kf3 Bg5 44. Re4 Rxe4 45. Kxe4 Kg7 46.
Kf5 Kf7 47. Rb2 Ke7 48. Rb6 Kf7 49. Re6 Kg7 50. Re8 Kf7 51. Re5 Kg7 52. Ke6 Kg6
53. Re4 Kg7 54. Rg4 Kg6 55. Ra4 Kg7 56. Kf5 Kf7 57. Ra7+ Kf8 58. Ra1 Kf7 59.
Rf1 Kg7 60. Rb1 Kf7 61. Rb6 Kg7 62. Re6 Kf7 63. Re4 Kg7 64. Ke6 Kg6 65. g4 Kg7
66. Kd7 Kf7 67. Re8 Kf6 68. Re7 Bf4 69. Re8 Kg5 70. Ke6 Kxg4 71. Kd5 Kf3 72.
Kd4 h5 73. Kd3 h4 74. Rh8 1/2-1/2

[Event "Wch Juvenil 2013 sub-14"]
[Site "Al-Ain UAE"]
[Date "2013.12.26"]
[Round "9.43"]
[White "Absaridze, Gigi"]
[Black "Isaev, Chingys"]
[Result "0-1"]
[WhiteElo "1726"]
[BlackElo "1834"]
[PlyCount "168"]
[EventDate "2013.12.19"]
[EventType "swiss"]
[EventRounds "11"]
[EventCountry "UAE"]
[Source "lmi"]
[SourceDate "2013.12.19"]

1. e4 e5 2. Nf3 Nc6 3. Bb5 g6 4. O-O Bg7 5. c3 a6 6. Ba4 d6 7. h3 Nge7 8. d3 h6
9. Re1 O-O 10. Nbd2 Kh7 11. Nf1 f5 12. Bc2 f4 13. b3 g5 14. N3h2 Ng6 15. Qh5
Nce7 16. Bd1 Ng8 17. Qe2 Be6 18. b4 Qe7 19. Bb2 Rad8 20. Bb3 Bxb3 21. axb3 Qe6
22. c4 Nf6 23. f3 h5 24. Red1 Rg8 25. d4 Bh6 26. Ra5 Rd7 27. dxe5 Nxe5 28. Bxe5
dxe5 29. Rxd7+ Qxd7 30. Qb2 Bg7 31. Kh1 Re8 32. Qe2 Bf8 33. c5 Qd4 34. Qd2 Kg6
35. Ra2 Rd8 36. Rc2 Be7 37. Qe1 Kg7 38. Qc3 Qxc3 39. Rxc3 Rd1 40. Kg1 Rb1 41.
Kf2 Rb2+ 42. Kg1 Kf7 43. Rd3 a5 44. c6 bxc6 45. bxa5 Ra2 46. Rc3 c5 47. a6 Rxa6
48. Nd2 Ke6 49. Nc4 Ra1+ 50. Kf2 g4 51. hxg4 hxg4 52. Nxg4 Nxg4+ 53. fxg4 Bh4+
54. Ke2 Rg1 55. Rh3 Rxg2+ 56. Kf1 Rxg4 57. Ke2 Bf6 58. Rd3 Be7 59. Rd5 Bd6 60.
Rd3 Rg2+ 61. Kf1 Rh2 62. Ke1 Rh5 63. Ke2 Be7 64. Rd5 c6 65. Rd3 Rh7 66. Na5 Bf6
67. Nxc6 Rd7 68. Rc3 Rb7 69. Na5 Rb4 70. Nc4 Rb7 71. Na5 Rc7 72. Nc4 Rd7 73.
Na5 Rd4 74. Kf3 Be7 75. Nc6 Rd2 76. Nxe7 Kxe7 77. Rxc5 Rd3+ 78. Kf2 Kd6 79. Rb5
Re3 80. Rb4 Kc5 81. Rc4+ Kb5 82. Rc8 Rxe4 83. Rb8+ Kc5 84. Kf3 Rb4 0-1

[Event "Wch Juvenil 2013 sub-14"]
[Site "Al-Ain UAE"]
[Date "2013.12.26"]
[Round "9.44"]
[White "Mesaros, Florian"]
[Black "Catur, Adi Sagita"]
[Result "1-0"]
[WhiteElo "2196"]
[BlackElo "1879"]
[PlyCount "71"]
[EventDate "2013.12.19"]
[EventType "swiss"]
[EventRounds "11"]
[EventCountry "UAE"]
[Source "lmi"]
[SourceDate "2013.12.19"]

1. Nf3 c5 2. c4 Nf6 3. Nc3 Nc6 4. e3 d5 5. d4 cxd4 6. exd4 Bg4 7. cxd5 Nxd5 8.
Qb3 Nxc3 9. bxc3 Bxf3 10. gxf3 Qc7 11. Rb1 Rb8 12. d5 Ne5 13. Bb5+ Nd7 14. Be3
b6 15. Qa4 Rd8 16. Bf4 Qc5 17. O-O g5 18. Be5 f6 19. Bxf6 exf6 20. Rfe1+ Be7
21. d6 Qxd6 22. Rbd1 Qc7 23. Qe4 O-O 24. Qxe7 Rf7 25. Bc4 Qxc4 26. Qxd8+ Nf8
27. Re7 Qxa2 28. Rdd7 Rxe7 29. Rxe7 g4 30. fxg4 Qc4 31. Qd4 Qc6 32. g5 Ng6 33.
gxf6 Nxe7 34. Qd8+ Kf7 35. Qxe7+ Kg6 36. Qg7+ 1-0

[Event "Wch Juvenil 2013 sub-14"]
[Site "Al-Ain UAE"]
[Date "2013.12.26"]
[Round "9.45"]
[White "Simo, Marian"]
[Black "Plenca, Jadranko"]
[Result "1/2-1/2"]
[WhiteElo "1873"]
[BlackElo "2168"]
[PlyCount "45"]
[EventDate "2013.12.19"]
[EventType "swiss"]
[EventRounds "11"]
[EventCountry "UAE"]
[Source "lmi"]
[SourceDate "2013.12.19"]

1. Nf3 Nf6 2. c4 c6 3. g3 d5 4. b3 Bg4 5. Bg2 Nbd7 6. Bb2 e6 7. O-O Bd6 8. d4
O-O 9. Nbd2 Qe7 10. Re1 Rfd8 11. e4 dxe4 12. Nxe4 Ba3 13. Qc2 Nxe4 14. Bxa3
Qxa3 15. Qxe4 Nf6 16. Qe3 Bxf3 17. Bxf3 Qb2 18. Red1 Rd7 19. Qd2 Qa3 20. Qc3
Rad8 21. Rd2 h6 22. Rad1 Rd6 23. Kg2 1/2-1/2

[Event "Wch Juvenil 2013 sub-14"]
[Site "Al-Ain UAE"]
[Date "2013.12.26"]
[Round "9.46"]
[White "Kovalevsky, Stanislav"]
[Black "Thybo, Jesper Sondergaard"]
[Result "0-1"]
[WhiteElo "1856"]
[BlackElo "2147"]
[PlyCount "132"]
[EventDate "2013.12.19"]
[EventType "swiss"]
[EventRounds "11"]
[EventCountry "UAE"]
[Source "lmi"]
[SourceDate "2013.12.19"]

1. c4 c5 2. Nc3 Nc6 3. g3 g6 4. Bg2 Bg7 5. Nf3 d6 6. O-O Bf5 7. d3 Qd7 8. Re1
Nf6 9. a3 O-O 10. Rb1 e5 11. e4 Bg4 12. b4 Ne8 13. Nd5 Nd4 14. Ne3 Bh5 15. g4
Bxg4 16. Nxe5 dxe5 17. Nxg4 b6 18. Ne3 Bh6 19. Nd5 Bxc1 20. Qxc1 Kg7 21. h3 Qd6
22. f4 Rd8 23. Rb2 Nf6 24. Rf2 Nxd5 25. fxe5 Qxe5 26. exd5 Qg3 27. Re3 Qg5 28.
Qe1 Nf5 29. Re4 h5 30. Rf3 Nd6 31. Re5 Rde8 32. Rfe3 Rxe5 33. Rxe5 Qf6 34. Re7
Qd4+ 35. Kh1 Nf5 36. Qe5+ Qxe5 37. Rxe5 Kf6 38. Re1 Rd8 39. bxc5 bxc5 40. Rb1
Rd7 41. Rb5 Rc7 42. Kg1 Ke5 43. Kf2 Kd4 44. Bf1 Nd6 45. Rb8 Rc8 46. Rb3 Re8 47.
a4 g5 48. Be2 Re3 49. Rb8 Rxh3 50. Rd8 Ke5 51. d4+ cxd4 52. c5 Ne4+ 53. Kg2
Rg3+ 54. Kh2 Re3 55. Bxh5 Nxc5 56. Re8+ Kxd5 57. Bxf7+ Kd6 58. Rd8+ Ke7 59. Rd5
Nd3 60. Bg8 Ne5 61. Ra5 d3 62. Rxa7+ Kf8 63. Bb3 d2 64. Bd1 Re1 65. Bc2 Rc1 66.
Bb3 Nf3+ 0-1

[Event "Wch Juvenil 2013 sub-14"]
[Site "Al-Ain UAE"]
[Date "2013.12.26"]
[Round "9.47"]
[White "Higgs, Joshua"]
[Black "Patrascu, Catalin-Lucian"]
[Result "0-1"]
[WhiteElo "1824"]
[BlackElo "2033"]
[PlyCount "112"]
[EventDate "2013.12.19"]
[EventType "swiss"]
[EventRounds "11"]
[EventCountry "UAE"]
[Source "lmi"]
[SourceDate "2013.12.19"]

1. e4 c5 2. Nf3 Nc6 3. c3 e6 4. d4 d5 5. exd5 exd5 6. Bb5 Bd6 7. dxc5 Bxc5 8.
O-O Nf6 9. Nbd2 O-O 10. Nb3 Bb6 11. Nbd4 Qd6 12. h3 Bd7 13. Bd3 Rfe8 14. Be3 a6
15. Nb5 axb5 16. Bxb6 b4 17. Bd4 Ne4 18. Bxe4 dxe4 19. Ne5 Rxe5 20. Bxe5 Qxd1
21. Rfxd1 Nxe5 22. Rd5 f6 23. cxb4 Bc6 24. Ra5 Rd8 25. b5 Bd5 26. Rd1 Nd3 27.
b6 Kf7 28. Ra7 Ke6 29. a4 Nxb2 30. Rb1 Nd3 31. Ra5 f5 32. Rab5 Bc6 33. R5b3
Bxa4 34. Rc3 Bc6 35. g3 g5 36. Rd1 Ke5 37. f4+ gxf4 38. Rc5+ Nxc5 39. Rxd8 fxg3
40. Rg8 Kf4 41. h4 e3 42. Kf1 Kf3 43. h5 e2+ 44. Ke1 Nd3+ 45. Kd2 e1=Q+ 46.
Kxd3 Qe4+ 47. Kc3 Bb5 48. Rxg3+ Kxg3 49. h6 Qd3+ 50. Kb4 Qc4+ 51. Ka3 Qc3+ 52.
Ka2 Ba4 53. Kb1 Bc2+ 54. Kc1 Bb3+ 55. Kb1 Qc2+ 56. Ka1 Qa2# 0-1

[Event "Wch Juvenil 2013 sub-14"]
[Site "Al-Ain UAE"]
[Date "2013.12.26"]
[Round "9.48"]
[White "Naotunna, Dineth Nimnaka"]
[Black "Kazakovskiy, Valeriy"]
[Result "0-1"]
[WhiteElo "1759"]
[BlackElo "2023"]
[PlyCount "118"]
[EventDate "2013.12.19"]
[EventType "swiss"]
[EventRounds "11"]
[EventCountry "UAE"]
[Source "lmi"]
[SourceDate "2013.12.19"]

1. d4 Nf6 2. Nf3 c5 3. c3 e6 4. Bf4 Nc6 5. e3 d5 6. Nbd2 Bd6 7. Ne5 Qc7 8. Nxc6
bxc6 9. Bxd6 Qxd6 10. dxc5 Qxc5 11. Nb3 Qb6 12. Qd4 Ba6 13. Bxa6 Qxa6 14. Nc5
Qb6 15. b4 O-O 16. O-O Rfe8 17. f4 Qc7 18. Na6 Qe7 19. Rae1 e5 20. Qd3 Qb7 21.
Nc5 Qc7 22. Qf5 a5 23. a4 Qe7 24. h3 h6 25. g4 g6 26. Qc2 Nd7 27. Nxd7 Qxd7 28.
f5 Qd6 29. g5 hxg5 30. Qg2 f6 31. fxg6 Kg7 32. b5 cxb5 33. axb5 e4 34. h4 gxh4
35. Rf4 Qe5 36. Qh3 Rad8 37. Ref1 a4 38. Rxh4 Qg5+ 39. Kh1 Qxh4 40. Qxh4 Rh8
41. Qxh8+ Rxh8+ 42. Kg2 Rb8 43. Ra1 Rxb5 44. Rxa4 Rc5 45. Ra3 Kxg6 46. Kg3 Kf5
47. Rb3 Ke5 48. Ra3 Rb5 49. Ra8 Rc5 50. Ra3 Rc8 51. Rb3 f5 52. Ra3 Rg8+ 53. Kf2
f4 54. exf4+ Kxf4 55. Ra5 e3+ 56. Ke2 Rg2+ 57. Kd1 Ke4 58. Rb5 Ra2 59. Kc1 e2
0-1

[Event "Wch Juvenil 2013 sub-14"]
[Site "Al-Ain UAE"]
[Date "2013.12.26"]
[Round "9.49"]
[White "Ho, Jei-Chen"]
[Black "Fawzy, Adham"]
[Result "0-1"]
[WhiteElo "1694"]
[BlackElo "2013"]
[PlyCount "100"]
[EventDate "2013.12.19"]
[EventType "swiss"]
[EventRounds "11"]
[EventCountry "UAE"]
[Source "lmi"]
[SourceDate "2013.12.19"]

1. d4 Nf6 2. c4 c5 3. d5 e6 4. Nc3 exd5 5. cxd5 d6 6. Nf3 g6 7. Nd2 Bg7 8. Nc4
O-O 9. Bf4 Ne8 10. e3 a6 11. a4 g5 12. Bg3 f5 13. h3 f4 14. Bh2 Nd7 15. Qd2 Qe7
16. Be2 Ne5 17. Nb6 Rb8 18. exf4 gxf4 19. O-O-O Bh6 20. f3 Nf6 21. g4 fxg3 22.
Qxh6 gxh2 23. Rxh2 Qg7 24. Qe3 Bf5 25. Rg1 Ng6 26. h4 Kh8 27. h5 Qe7 28. Qg5
Ne5 29. Qxf5 Nfg4 30. Qe6 Qxe6 31. dxe6 Nxh2 32. Rg2 Nhxf3 33. e7 Rf7 34. Ncd5
Nd4 35. Bg4 Nxg4 36. Rxg4 Re8 37. Nd7 Rexe7 38. Nxe7 Rxe7 39. Nf6 Rg7 40. Re4
Rg1+ 41. Kd2 Rg2+ 42. Kc3 Kg7 43. Ne8+ Kh6 44. Nxd6 Rc2+ 45. Kd3 Rxb2 46. Re5
b6 47. a5 Nf3 48. Re6+ Kxh5 49. Nc4 Rb3+ 50. Ke4 Ng5+ 0-1